000 00183 a2200097 4500
020 _a9789501108972
041 _aspa
100 _asigmar
245 _abebe daisy de fiesta
942 _cK
999 _c28766
_d28766